3 Wörter-Bundesländer - Statistiken

Allgemein
  • Dieses Quiz wurde 317 mal gespielt
    268 seit der letzten Aktualisierung
  • Das Durchschnittsergebnis liegt bei 15 aus 16
Antwortstatistiken
3 Wörter Bundesland % Korrekt
Viele Seen, Größte Stadt, Brandenburger Tor Berlin
99%
Miniatur Wunderland, Stadt der Brücken, Reeperbahn Hamburg
99%
Oktoberfest, Schloss Neuschwanstein, Franken Bayern
98%
Schwarzwald, Hohenzollern, Benz Baden-Württemberg
96%
2 Städte, … Stadtmusikanten, Gute Stube Bremen
96%
Rügen, Ostsee, Spargel Mecklenburg-Vorpommern
96%
Ruhrgebiet, Zuckerrübenkraut, Bergbau Nordrhein-Westfalen
96%
Daach!,Bautz‘ner Senf, Erzgebirge Sachsen
96%
Dänemark, Labskaus, Nord-Ostseekanal Schleswig-Holstein
96%
Heide Park, Lüneburger Heide, Wattenmeer Niedersachsen
95%
Europa Galerie, Baguettes, Grumbeere Saarland
94%
… Klöße aus Kartoffeln, „Das grüne Herz Deutschlands“, Hier wurde die Christbaumkugel erfunden Thüringen
94%
Nebra Himmelsscheibe, Martinus Luther, Halloren-Kugeln Sachsen-Anhalt
93%
Wilhelmshöhe, Guude!, Spundekäs Hessen
92%
Viele Kartoffelgerichte, Sanssouci, Havel Brandenburg
91%
Zwiebelkuchen, viele Burgen, Wein Rheinland-Pfalz
90%
Keine übereinstimmenden Quizze gefunden
Verteilung der Resultate
Anzahl Personen mit jedem Resultat
Perzentil nach korrekt beantworteten Fragen
Ihre Resultats-Entwicklung
Sie haben dieses Quiz seit der letzten Aktualisierung nicht gespielt